000 00248nam a2200109Ia 4500
008 220204s9999 xx 000 0 und d
082 _a82-3
_bMAY
100 _aMayne, William
245 0 _aPlot night
260 _aLondon
_bBeaver
_c1976
942 _cBK
999 _c32758
_d32758